000 00424nam a2200169Ia 4500
005 20250324120400.0
008 231217s9999 xx 000 0 und d
020 _a9788131418918
082 _a152.47 SUJ;1 R
100 _aSujatha, B. ed. Sushuma, G.
245 0 _aManaging anger
250 _a1st ed.
260 _c2008
_bIcfai University press
_aHyderabad
300 _aviii, 227
650 _aanger
942 _cAA
999 _c185220
_d185220